000 00675nam a2200265Ia 4500
005 20260121165030.0
008 008 260114s9999 xx 000 0 eng d
020 _a9781137527066
037 _aEBOOK
040 _aCRL
040 _beng
040 _cCRL
041 _2eng
041 _aeng
084 _qCRL
100 _aValerie A. Storey
_91046677
245 0 _aInternational Perspectives on Designing Professional Practice Doctorates
260 _bSpringer
260 _bSpringer
260 _c2016
856 _uhttps://link.springer.com/openurl?genre=book&isbn=978-1-137-52706-6
942 _cEBOOK
999 _c1612402
_d1612402